Mapas culturales para la nueva condición juvenil /
El autor se propone dilucidar las conmociones de fondo que afectan los mundos juveniles y exhumar las formas subrepticias cuya sutileza podrá ser percibida por los estudiosos sociales esto posibilitaría vincular los fenómenos de la juventud a las realidades sociales más amplias, revelar los dinamism...
Uloženo v:
| Hlavní autor: | |
|---|---|
| Médium: | Text |
| Témata: | |
| Tagy: |
Přidat tag
Žádné tagy, Buďte první, kdo vytvoří štítek k tomuto záznamu!
|
MARC
| LEADER | 00000 a a2200000 04500 | ||
|---|---|---|---|
| 001 | 18303 | ||
| 003 | |||
| 040 | |||
| 100 | |a García Roca, Joaquín | ||
| 245 | |a Mapas culturales para la nueva condición juvenil / |c Joaquín García Roca | ||
| 520 | |a El autor se propone dilucidar las conmociones de fondo que afectan los mundos juveniles y exhumar las formas subrepticias cuya sutileza podrá ser percibida por los estudiosos sociales esto posibilitaría vincular los fenómenos de la juventud a las realidades sociales más amplias, revelar los dinamismos y las oportunidades sociales que se abren en un determinado momento. Para él, es necesario elaborar las tablas que posibiliten investigar al interior de las turbulencias sociales y en las transformaciones culturales que viven o padecen los jóvenes. DOC/LCL | ||
| 650 | |a JUVENTUD | ||
| 650 | |a CULTURA | ||
| 650 | |a DESRROLLO DE LA PERSONALIDAD | ||
| 650 | |a SISTEMAS DE VALORES | ||
| 650 | |a MEDIOS DE COMUNICACION DE MASAS | ||
| 650 | |a INTERNET | ||
| 773 | |g número 15; páginas 125-136 | ||
| 999 | |c 40198 |d 40198 | ||
